[Event "2nd Int Open Congress"]
[Site "Brentwood ENG"]
[Date "2008.02.17"]
[Round "5"]
[White "Poobalasingam,P"]
[Black "Ciuksyte,D"]
[Result "0-1"]
[WhiteElo "2165"]
[BlackElo "2377"]

1.e4 c5 2.c3 Nf6 3.e5 Nd5 4.g3 e6 5.Bg2 d6 6.exd6 Bxd6 7.Nf3 Bd7 8.O-O O-O
9.d4 Bc6 10.dxc5 Bxc5 11.Ne5 Qf6 12.Nxc6 Nxc6 13.Nd2 Qg6 14.Ne4 Be7 15.Qb3 Na5
16.Qa4 Nc6 17.Qb3 b6 18.Qa4 Rac8 19.c4 Ndb4 20.Nc3 Ne5 21.Qxa7 Bc5 22.Ne4 Bd4
23.Nd6 Rcd8 24.Nb5 Bc5 25.Bf4 Ng4 26.h3 Nxf2 27.Kh2 e5 28.Bxe5 Ng4+  0-1

[Event "TCh-HUN 2007-8"]
[Site "Budapest HUN"]
[Date "2008.02.17"]
[Round "6"]
[White "Torma,R"]
[Black "Markus,Rob"]
[Result "0-1"]
[WhiteElo "2337"]
[BlackElo "2586"]

1.e4 c5 2.c3 Nf6 3.e5 Nd5 4.d4 cxd4 5.Nf3 e6 6.cxd4 d6 7.Bc4 Nc6 8.O-O Be7
9.Qe2 O-O 10.Rd1 Qc7 11.Qe4 Bd7 12.exd6 Qxd6 13.Nc3 Nf6 14.Qe2 Nb4 15.Bg5 Bc6
16.Ne5 Bd5 17.a3 Nc6 18.Bxf6 Bxf6 19.Nxc6 bxc6 20.Ne4 Bxe4 21.Qxe4 Rfd8 22.Rac1 Rac8
23.b4 Rc7 24.Bb3 Bxd4 25.Rc4 e5 26.Qf3 g6 27.Rdc1 Rdc8 28.Ba4 c5 29.Bb3 cxb4
30.axb4 Kg7 31.g3 Rxc4 32.Rxc4 Rxc4 33.Bxc4 Qe7 34.b5 f5 35.Qd5 Bb6 36.Kg2 e4
37.h4 Kh6 38.Qd2+ e3 39.Qd5 exf2 40.Qe6 f1=Q+ 41.Kxf1 Qc5 42.Ke2 Qf2+ 43.Kd1 Qxg3
44.Qf6 Qg1+ 45.Kc2 Qf2+ 46.Kb3 Qe3+ 47.Kc2 Bd4 48.Qf8+ Bg7 49.Qf7 Qf2+ 50.Kb3 Qg3+
51.Kb4 Qxh4 52.Qxa7 Qe1+  0-1

[Event "10th TCh-Euro sen"]
[Site "Dresden GER"]
[Date "2008.02.17"]
[Round "7"]
[White "Rosino,A"]
[Black "Baumbach,F"]
[Result "1/2-1/2"]
[WhiteElo "2267"]
[BlackElo "2290"]

1.e4 c5 2.c3 Nf6 3.e5 Nd5 4.d4 cxd4 5.Nf3 Nc6 6.cxd4 d6 7.Bc4 Nb6 8.Bb5 dxe5
9.Nxe5 Bd7 10.Nxd7 Qxd7 11.Nc3 e6 12.Qg4 Bb4 13.O-O f5 14.Qe2 O-O 15.Rd1 Rad8
16.a3 Bxc3 17.bxc3 a6 18.Bd3 Na4 19.Bb2 b5 20.Rab1  1/2-1/2

[Event "10th TCh-Euro sen"]
[Site "Dresden GER"]
[Date "2008.02.17"]
[Round "7"]
[White "Luetje,J"]
[Black "Jaeger,E"]
[Result "1-0"]
[WhiteElo "2155"]
[BlackElo "2038"]

1.e4 c5 2.c3 Nf6 3.e5 Nd5 4.Nf3 e6 5.Bc4 Nb6 6.Bb3 d5 7.d4 Nc6 8.O-O Be7
9.dxc5 Nd7 10.Re1 Nxc5 11.Bc2 Qc7 12.Qe2 Nd7 13.a4 f5 14.exf6 Nxf6 15.Ng5 e5
16.Bxh7 Bg4 17.Bg6+ Kd7 18.Qd2 Rxh2 19.Kxh2 e4+ 20.g3 Rh8+ 21.Kg2 Ne5 22.Bxe4 Kc8
23.Bf3 Bxf3+ 24.Nxf3 Ne4 25.Qf4 Rf8 26.Qxe5 Qxe5 27.Nxe5 Rxf2+ 28.Kg1 Rf5
29.Nd3 Bd8 30.Bf4 g5 31.Be5 Rf3 32.Rd1 Bb6+ 33.Kg2 Re3 34.a5 Bc7 35.Bxc7 Kxc7
36.Na3 Rxg3+ 37.Kh2 g4 38.Ne5  1-0

[Event "XXIV Open"]
[Site "Cappelle La Grande FRA"]
[Date "2008.02.18"]
[Round "4"]
[White "Deviatkin,A"]
[Black "Van der Weide,K"]
[Result "1-0"]
[WhiteElo "2543"]
[BlackElo "2483"]

1.e4 c5 2.c3 Nf6 3.e5 Nd5 4.g3 Nc6 5.Bg2 e6 6.Nf3 d6 7.exd6 Bxd6 8.d4 cxd4
9.Nxd4 Nxd4 10.Qxd4 O-O 11.O-O Qc7 12.c4 Be5 13.Qe4 Nf6 14.Qe2 Rd8 15.Nd2 Bd7
16.Nf3 Bd6 17.b3 Bc6 18.Bb2 Qe7 19.Rad1 Bc5 20.Ne5 Bxg2 21.Kxg2 Qc7 22.Rxd8+ Rxd8
23.Rd1 h6 24.Rd3 Rxd3 25.Nxd3 Be7 26.Be5 Qc8 27.Qe3 a6 28.Qb6 Nd7 29.Qc7 Qxc7
30.Bxc7 Nc5 31.Ne5 Kf8 32.Kf3 Ke8 33.Ke3 f6 34.Ng6 Kd7 35.Ba5 Bd6 36.Bd2 Kc6
37.h4 Nd7 38.h5 Bc5+ 39.Ke2 Bd4 40.g4 Ne5 41.Nf8 Nxg4 42.f3  1-0

[Event "1st Pfalz Open"]
[Site "Neustadt a.d. Weinstrasse GER"]
[Date "2008.02.18"]
[Round "3"]
[White "Dyballa,M"]
[Black "Greenfeld,A"]
[Result "0-1"]
[WhiteElo "2324"]
[BlackElo "2559"]

1.e4 c5 2.c3 Nf6 3.e5 Nd5 4.d4 cxd4 5.Nf3 e6 6.cxd4 d6 7.a3 Nc6 8.Bd3 dxe5
9.dxe5 Be7 10.O-O g5 11.Qa4 Nb6 12.Qe4 g4 13.Ne1 Qd4 14.Qxd4 Nxd4 15.Nc3 Nb3
16.Rb1 Nxc1 17.Rxc1 Bd7 18.Be4 Nc4 19.Nd3 Nd2 20.Rfd1 Bg5 21.Ra1 Nb3 22.Rab1 O-O-O
23.h4 Bxh4 24.Kf1 Bg5 25.Ke2 Kb8 26.f4 gxf3+ 27.gxf3 f5 28.exf6 Bxf6 29.Rg1 Nd4+
30.Kd2 Nb3+ 31.Kc2 Nd4+ 32.Kd2 Nf5 33.Kc2 Bc8 34.Rbc1 Nd4+ 35.Kb1 Nxf3  0-1

[Event "Stillwater Winter FIDE"]
[Site "Oklahoma USA"]
[Date "2008.02.18"]
[Round "6"]
[White "Orton,W"]
[Black "Galant,S"]
[Result "1/2-1/2"]
[WhiteElo "2158"]
[BlackElo "2248"]

1.e4 c5 2.c3 Nf6 3.e5 Nd5 4.d4 cxd4 5.cxd4 e6 6.Nf3 d6 7.a3 Nd7 8.Bd3 dxe5
9.dxe5 Qc7 10.O-O Be7 11.Re1 Nc5 12.Bc2 a5 13.Bd2 Bd7 14.Nc3 Nxc3 15.Bxc3 Rd8
16.Qd4 Bb5 17.Qg4 O-O 18.Re3 Bd3 19.Bxd3 Rxd3 20.Rxd3 Nxd3 21.Qe4 Rd8 22.Rd1 Nc5
23.Rxd8+ Qxd8 24.Qd4  1/2-1/2

[Event "XXIV Open"]
[Site "Cappelle La Grande FRA"]
[Date "2008.02.19"]
[Round "5"]
[White "Van Oosterom,C"]
[Black "Gasior,J"]
[Result "1-0"]
[WhiteElo "2408"]
[BlackElo "2123"]

1.e4 c5 2.c3 Nf6 3.e5 Nd5 4.Nf3 e6 5.d4 cxd4 6.cxd4 b6 7.Bd3 Bb4+ 8.Bd2 Bxd2+
9.Qxd2 Ba6 10.Be4 Nc6 11.Bxd5 exd5 12.Nc3 Nb4 13.a3 Nd3+ 14.Kd1 O-O 15.Ne1 Nxe1
16.Rxe1 d6 17.Qf4 dxe5 18.Rxe5 Qc7 19.Kd2 f6 20.Re4 Qc4 21.Re3 g5 22.Qg4 Bc8
23.Qf3 Qxd4+ 24.Rd3 Qg4 25.Qxg4 Bxg4 26.Nxd5 Kg7 27.Rc1 Rad8 28.Rc7+ Rf7
29.Rxf7+ Kxf7 30.Ne3 Rxd3+ 31.Kxd3 Be6 32.Kd4 Ke7 33.Nd5+ Kf7 34.Nb4 Ke8
35.Nd5 Kf7 36.Nc3 Ke7 37.Nb5 a6 38.Nc7 Bc8 39.Nd5+ Ke6 40.Nxb6 Bb7 41.g3 h5
42.Nc4 h4 43.gxh4 gxh4 44.f4 Bf3 45.Ne3 Be2 46.Kc5 Bd3 47.a4 Be4 48.b4 Bb7
49.Kb6  1-0

[Event "18th ch-IRI"]
[Site "Tehran IRI"]
[Date "2008.02.19"]
[Round "4"]
[White "Ahmadinia,E"]
[Black "Ghaem Maghami,E"]
[Result "1/2-1/2"]
[WhiteElo "2227"]
[BlackElo "2589"]

1.e4 c5 2.c3 Nf6 3.e5 Nd5 4.d4 cxd4 5.Nf3 e6 6.cxd4 d6 7.Bc4 Nb6 8.Bd3 Nc6
9.O-O Nb4 10.Be2 dxe5 11.Nxe5 Be7 12.Nc3 O-O 13.a3 Nc6 14.Nxc6 bxc6 15.Be3 Nd5
16.Nxd5 cxd5 17.b4 Qb6 18.Qd3 a5 19.b5 a4 20.Rfc1 Bd7 21.Bf4  1/2-1/2

[Event "XXIV Open"]
[Site "Cappelle La Grande FRA"]
[Date "2008.02.21"]
[Round "7"]
[White "Piorun,K"]
[Black "Gasior,J"]
[Result "1-0"]
[WhiteElo "2370"]
[BlackElo "2123"]

1.e4 c5 2.c3 Nf6 3.e5 Nd5 4.d4 cxd4 5.Nf3 e6 6.cxd4 b6 7.Bd3 Bb4+ 8.Bd2 Bxd2+
9.Qxd2 Ba6 10.Be4 Nc6 11.Bxd5 exd5 12.Nc3 Nb4 13.a3 Nd3+ 14.Kd1 O-O 15.Ne1 Nxe1
16.Rxe1 d6 17.Kc2 Qd7 18.Qf4 Rac8 19.exd6 Rxc3+ 20.bxc3 Qa4+ 21.Kd2 Qb5 22.Qf5 g6
23.a4 Qc4 24.Qf3 Kg7 25.d7 Qb3 26.Rac1 Qa2+ 27.Rc2 Qxa4 28.Re7 Qc6 29.d8=Q  1-0

[Event "TCh-BEL 2007-8"]
[Site "Belgium BEL"]
[Date "2008.03.02"]
[Round "10"]
[White "Henris,L"]
[Black "Goormachtigh,J"]
[Result "0-1"]
[WhiteElo "2284"]
[BlackElo "2238"]

1.e4 c5 2.c3 Nf6 3.e5 Nd5 4.d4 cxd4 5.Nf3 e6 6.cxd4 d6 7.Bc4 Nb6 8.Bd3 dxe5
9.dxe5 Na6 10.Qe2 Nc5 11.Bc2 Nd5 12.O-O Bd7 13.a3 Be7 14.Rd1 Rc8 15.Nd4 g6
16.Nb5 Qb6 17.N1c3 Nxc3 18.Nxc3 a5 19.Rb1 Qa6 20.Qe3 a4 21.Qh6 Bf8 22.Qf4 Be7
23.Be3 Bc6 24.Qh6 Bf8 25.Qh4 Be7 26.Bg5 Bxg5 27.Qxg5 Qc4 28.Qh6 Qg4 29.f3 Bxf3
30.Rd2 Rd8 31.h3 Rxd2 32.Qxd2 Qg3 33.Nxa4 Nd7 34.Qf2 Qxf2+ 35.Kxf2 Bc6 36.Re1 Ke7
37.Nc3 Ra8 38.h4 Ra5 39.h5 Nxe5 40.hxg6 hxg6 41.Rd1 Nc4 42.Rb1 Rg5 43.Ne4 Rg4
44.Ng3 Rf4+ 45.Kg1 Ne3 46.Rc1 Rc4  0-1

[Event "TCh-HUN 2007-8"]
[Site "Budapest HUN"]
[Date "2008.03.02"]
[Round "7"]
[White "Schneider,Ve"]
[Black "Szekeres,R"]
[Result "1-0"]
[WhiteElo "2247"]
[BlackElo "2238"]

1.e4 c5 2.c3 Nf6 3.e5 Nd5 4.Nf3 Nc6 5.d4 cxd4 6.cxd4 d6 7.Bc4 Nb6 8.Bb5 dxe5
9.Nxe5 Bd7 10.Nxd7 Qxd7 11.Nc3 e6 12.O-O a6 13.Bxc6 Qxc6 14.Bg5 f6 15.Bh4 Kf7
16.Rc1 Be7 17.Qh5+ g6 18.Qh6 Rad8 19.Rfd1 Nd5 20.Rd3 Bf8 21.Qd2 Rc8 22.Rf3 Bb4
23.a3 Bxc3 24.bxc3 Kg7 25.c4 b5 26.c5 Rhe8 27.Re1 Rb8 28.Bg3 Rb7 29.Bd6 h6
30.h4 b4 31.axb4 Rxb4 32.h5 g5 33.Qd3 f5 34.g4 Qb5 35.Qxb5 axb5 36.gxf5 Kh7
37.f6 g4 38.f7 Rf8 39.Bxf8 gxf3  1-0

[Event "58th ch-RUS w 1st liga"]
[Site "Smolensk RUS"]
[Date "2008.03.02"]
[Round "5"]
[White "Bannikova,A"]
[Black "Repina,V"]
[Result "1-0"]
[WhiteElo "2187"]
[BlackElo "2158"]

1.e4 c5 2.c3 Nf6 3.e5 Nd5 4.d4 cxd4 5.cxd4 Nc6 6.Nf3 d6 7.Bc4 Nb6 8.Bb5 dxe5
9.Nxe5 Bd7 10.Bxc6 Bxc6 11.Nxc6 bxc6 12.Bf4 g6 13.Be5 f6 14.Bg3 Bg7 15.O-O O-O
16.Nc3 Qd7 17.Re1 Rfe8 18.Qb3+ Kh8 19.Rad1 Rad8 20.Ne4 Qd5 21.Nc5 e5 22.Nb7 Rd7
23.Qxd5 cxd5 24.Nc5 Rde7 25.dxe5 fxe5 26.f3 Kg8 27.b4 d4 28.Bh4 Rf7 29.Rxd4 Rb8
30.Rd8+ Rxd8 31.Bxd8 Rf4 32.Ne4 Nd5 33.a3 Rf8 34.Bg5 Rc8 35.Rd1 Nf4 36.Rd8+ Rxd8
37.Bxd8 Kf7 38.Bc7 Ne2+ 39.Kf2 Nd4 40.Bd6 Ke6 41.Bc5 Kd5 42.Bxa7 Nb5 43.Bc5 Nxa3
44.Ke2 h5 45.Kd3 Nb5 46.Nd2 Nc7 47.Ne4 Nb5 48.Be3 Bf8 49.Nc3+ Nxc3 50.Kxc3 Be7
51.b5 Bd6 52.Kd3 Bb8 53.h3 Bc7 54.Ba7 Ba5 55.Ke3 g5 56.g4 hxg4 57.hxg4 Bd8
58.Kd3 Be7 59.Bb6 Bf6 60.Bc7  1-0

[Event "XXIII Open"]
[Site "Reykjavik ISL"]
[Date "2008.03.05"]
[Round "3"]
[White "Gaponenko,I"]
[Black "Lie,K"]
[Result "1-0"]
[WhiteElo "2422"]
[BlackElo "2556"]

1.e4 c5 2.c3 Nf6 3.e5 Nd5 4.Nf3 e6 5.Bc4 Nb6 6.Bb3 c4 7.Bc2 Nc6 8.d4 cxd3
9.Qxd3 Qc7 10.Qe2 d6 11.exd6 Bxd6 12.Nbd2 Bd7 13.Ne4 Be7 14.Be3 Nd5 15.Nc5 Bxc5
16.Bxc5 Nf4 17.Qd2 Ne5 18.O-O-O Nc4 19.Qxd7+ Qxd7 20.Rxd7 Kxd7 21.Re1 b5
22.b3 Rac8 23.Bd4 Na3 24.Be4 b4 25.g3 Nh5 26.Ne5+ Ke7 27.Nc6+ Kf8 28.Bc5+ Ke8
29.Bxb4 Nb5 30.a4 a5 31.Nxa5 Na7 32.Bb7 Rc7 33.Kb2 Nf6 34.Bd6 Rd7 35.Bc5 Nc8
36.Bxc8 Rc7 37.Nb7 Nd7 38.Bb4 Nb6 39.Nd6+ Kd8 40.Ba6  1-0

[Event "Spring Cup"]
[Site "Cheliabinsk RUS"]
[Date "2008.03.06"]
[Round "1"]
[White "Sveshnikov,E"]
[Black "Dvoirys,S"]
[Result "1/2-1/2"]
[WhiteElo "2506"]
[BlackElo "2549"]

1.e4 c5 2.c3 Nf6 3.e5 Nd5 4.d4 cxd4 5.cxd4 d6 6.Nf3 Nc6 7.Bc4 Nb6 8.Bb5 dxe5
9.Nxe5 Bd7 10.Nxd7 Qxd7  1/2-1/2

[Event "XXIII Open"]
[Site "Reykjavik ISL"]
[Date "2008.03.06"]
[Round "4"]
[White "Perunovic,Mio"]
[Black "Malakhatko,V"]
[Result "0-1"]
[WhiteElo "2440"]
[BlackElo "2600"]

1.e4 c5 2.c3 Nf6 3.e5 Nd5 4.d4 cxd4 5.cxd4 d6 6.Nf3 e6 7.Bc4 Nb6 8.Bd3 dxe5
9.dxe5 Na6 10.Qe2 Nc5 11.Bc2 Nd5 12.O-O Be7 13.Nc3 Nxc3 14.bxc3 Bd7 15.Nd4 Qc7
16.Bf4 Ba4 17.Bb1 a6 18.Bg3 Qa5 19.Rc1 Rc8 20.f4 g6 21.Qf3 Bc6 22.Nxc6 Rxc6
23.Bc2 Qa3 24.Rab1 O-O 25.h4 Rb6 26.Rd1 Rxb1 27.Bxb1 Rd8 28.Rxd8+ Bxd8 29.Qd1 Be7
30.Qd2 Qa4 31.Kh2 Qb5 32.Qd1 h5 33.Bf2 Na4 34.Be1 Qf1 35.Qd2 Nc5 36.Qf2 Qc4
37.Qd4 Qe2 38.Bg3 b5 39.Qf2 Qc4 40.Qd4 Qe2 41.Qf2 Qd1 42.Qc2 Qf1 43.Bf2 Na4
44.c4 bxc4 45.Qxa4 Qxf2 46.Qe8+ Bf8 47.Bxg6 Qxf4+ 48.g3 Qf2+ 49.Kh1 c3  0-1

[Event "XXIII Open"]
[Site "Reykjavik ISL"]
[Date "2008.03.06"]
[Round "4"]
[White "Paehtz,E"]
[Black "Stefansson,H"]
[Result "0-1"]
[WhiteElo "2420"]
[BlackElo "2564"]

1.e4 c5 2.c3 Nf6 3.e5 Nd5 4.Nf3 e6 5.d4 cxd4 6.cxd4 d6 7.a3 Bd7 8.Bd3 Bc6
9.O-O Nd7 10.b4 a6 11.Re1 dxe5 12.dxe5 Qc7 13.Bb2 Nf4 14.Be4 Be7 15.Qc2 Rc8
16.Nbd2 Bd5 17.Qxc7 Rxc7 18.Bxd5 Nxd5 19.Rac1 N7b6 20.Rxc7 Nxc7 21.Rc1 Ncd5
22.Ne4 O-O 23.Bd4 Nd7 24.Nfd2 Ra8 25.Nb3 b6 26.g3 a5 27.bxa5 bxa5 28.a4 Bb4
29.Rc6 Kf8 30.Nd6 Ke7 31.Nc8+ Kd8 32.Nd6 Bxd6 33.exd6 e5 34.Bc3 Nxc3 35.Rxc3 Ra7
36.Rc4 f6 37.Rh4 h6 38.Rg4 g5 39.h4 h5 40.Rc4 g4 41.Rc6 Ra8 42.Kf1 Ke8 43.Rc7 Kd8
44.Ke2 Ke8 45.Kd3 Rb8 46.Nxa5 Rb2 47.Ke3 Ra2 48.Nb7 Rxa4 49.Rc8+ Kf7 50.Rd8 Ke6
51.Rh8 Ra7 52.Nd8+ Kxd6 53.Rxh5 Nc5 54.Rh8 Kd5 55.Rf8 Ne4 56.h5 Ra3+ 57.Ke2 Ra2+
58.Kf1 Rxf2+ 59.Kg1 Rf3 60.h6 Rxg3+ 61.Kf1 Rh3 62.Nf7 Ke6 63.Nd8+ Kf5 64.Nf7 Kg6  0-1

[Event "Spring Cup"]
[Site "Cheliabinsk RUS"]
[Date "2008.03.07"]
[Round "2"]
[White "Krassilnikov,E"]
[Black "Sveshnikov,E"]
[Result "1-0"]
[WhiteElo "2399"]
[BlackElo "2506"]

1.e4 c5 2.c3 Nf6 3.e5 Nd5 4.d4 cxd4 5.Nf3 Nc6 6.Bc4 Nb6 7.Bb3 d5 8.exd6 Qxd6
9.O-O Be6 10.Na3 Bxb3 11.Qxb3 e6 12.Nb5 Qd7 13.Nbxd4 Nxd4 14.Nxd4 Be7 15.Rd1 O-O
16.Nf5 Qc7 17.Nxe7+ Qxe7 18.Be3 Nd5 19.Bd4 Qc7 20.c4 Ne7 21.Qg3 Qxg3 22.hxg3 Rfc8
23.b3 f6 24.g4 Nc6 25.Be3 Rd8 26.Kf1 Kf7 27.Ke2 e5 28.Rxd8 Rxd8 29.Rd1 Rxd1
30.Kxd1 Ke6 31.Kd2 g6 32.a3 f5 33.gxf5+ gxf5 34.f3 a5 35.Kc3 h5 36.b4 axb4+
37.axb4 Ne7 38.b5 Ng6 39.Bg5 Nf8 40.Be3 Nd7 41.c5 Nf6 42.Kc4 Nd5 43.Bd2 f4
44.Kd3 Ne7 45.Ke4 Nf5 46.Bc3 Ng3+ 47.Kd3 h4 48.c6 bxc6 49.b6 Kd7 50.Bxe5 Kc8
51.Bxf4 Kb7 52.Be3 Nh5 53.Ke4 Nf6+ 54.Kf5 Nd7 55.Bf2 c5 56.Bxh4 c4 57.Be1 Nxb6
58.g4 Kc6 59.g5 Kd7 60.f4 Ke7 61.g6 Kf8 62.Ke6 Na4 63.f5 c3 64.f6 Nc5+ 65.Kf5 c2
66.Bd2 Nd7 67.Bc1 Kg8 68.Bh6 Kh8 69.f7 c1=Q 70.g7+ Kh7 71.g8=Q+  1-0

[Event "ch-UKR Girls u20"]
[Site "Odessa UKR"]
[Date "2008.03.07"]
[Round "3"]
[White "Zingaylo,A"]
[Black "Huda,Mary"]
[Result "0-1"]
[WhiteElo "2090"]
[BlackElo "2278"]

1.e4 c5 2.c3 Nf6 3.e5 Nd5 4.d4 cxd4 5.Nf3 d6 6.cxd4 Nc6 7.Be2 e6 8.O-O Be7
9.Bc4 O-O 10.Qe2 Qb6 11.Rd1 Bd7 12.Nc3 Nxc3 13.bxc3 d5 14.Bd3 Qd8 15.Bc2 Na5
16.Ne1 f5 17.exf6 Bxf6 18.Nd3 b6 19.Nf4 g6 20.Qd3 Qe7 21.Re1 Qf7 22.Qg3 Nc4
23.h4 e5 24.Bxg6 Qg7 25.dxe5 Bxe5 26.Qd3 hxg6 27.Qxd5+ Qf7 28.Rxe5 Nxe5 29.Qxe5 Rae8
30.Qg5 Re1+ 31.Kh2 Rxc1 32.Rxc1 Qxf4+ 33.Qxf4 Rxf4 34.Rd1 Rxh4+ 35.Kg3 Rg4+
36.Kf3 Bf5 37.g3 Rc4 38.Rc1 Ra4 39.Re1 Kf7 40.Re5 Rxa2 41.Ke3 Kf6 42.f4 Rg2
43.Kf3 Rc2 44.Re3 a5 45.g4 Bd7 46.Rd3 Ke7 47.f5 gxf5 48.g5 Bb5 49.Re3+ Kf7
50.Kf4 Rf2+ 51.Kg3 f4+ 52.Kxf2 fxe3+ 53.Kxe3 Bc4 54.Kd2 a4 55.Kc2 Kg6 56.Kb2 Kxg5
57.Ka3 b5 58.Kb2 Kf4 59.Kc2 Ke3 60.Kc1 Kd3 61.Kb2 Kd2 62.Ka1 Kxc3 63.Kb1 b4
64.Ka1 b3 65.Kb1 a3  0-1

[Event "KNSB TCh-NED 2007-8"]
[Site "Netherlands NED"]
[Date "2008.03.08"]
[Round "7"]
[White "Van de Oudeweetering,A"]
[Black "Blokhuis,J"]
[Result "1/2-1/2"]
[WhiteElo "2363"]
[BlackElo "2347"]

1.e4 c5 2.c3 Nf6 3.e5 Nd5 4.d4 cxd4 5.Nf3 Nc6 6.Bc4 Nb6 7.Bb3 d5 8.exd6 Qxd6
9.O-O Be6 10.Na3 Bxb3 11.Qxb3 e6 12.Nb5 Qb8 13.Nbxd4 Nxd4 14.Nxd4 Be7 15.Re1 Qd8
16.Be3 O-O 17.Nb5 a5 18.Rad1 Nd5 19.Bd4 a4 20.Qc2 Qa5 21.c4 Rac8 22.Qd3 Nf4
23.Qg3 Ng6 24.b3 axb3 25.axb3 Rfd8 26.Qe3 Qb4 27.Bb6 Re8 28.Ra1 Ra8 29.g3 Rec8
30.Red1 h6 31.Rab1 Bf6 32.Bd4 Bxd4 33.Rxd4 Ne7 34.Qd2 Qc5 35.Rd7 Ng6 36.Qe3 Qxe3
37.fxe3 Ra2 38.Rf1 f5 39.Rxb7 Re2 40.Nd4 Rxe3 41.Kf2 Rd3 42.Nxe6 Ne5 43.Ke2 Ra8
44.Rf2 g6 45.Nf4 Rd4 46.h3 Ra2+ 47.Kf1 Ra1+ 48.Kg2 g5 49.Nd5 Rdd1 50.Re2 Rg1+
51.Kf2 Rgf1+ 52.Kg2 Rg1+ 53.Kf2 Rgf1+  1/2-1/2

[Event "10th WCh-University"]
[Site "Novokuznetsk RUS"]
[Date "2008.03.10"]
[Round "9"]
[White "Hindermann,F"]
[Black "Yurkov,P"]
[Result "0-1"]
[WhiteElo "2307"]
[BlackElo "2332"]

1.e4 c5 2.c3 Nf6 3.e5 Nd5 4.d4 cxd4 5.Qxd4 e6 6.Nf3 Nc6 7.Qe4 d6 8.Bb5 Bd7
9.c4 Nc7 10.exd6 Bxd6 11.O-O Qe7 12.Rd1 O-O-O 13.Nc3 f6 14.Be3 g5 15.Nd4 f5
16.Nxc6 Bxc6 17.Qc2 Bc5 18.Bxc6 bxc6 19.Bxc5 Qxc5 20.Na4 Qe7 21.Re1 Qb4 22.Qb3 Qa5
23.Qa3 Rd4 24.b3 Rhd8 25.Qc5 Qxc5 26.Nxc5 R8d6 27.Kf1 Rd2 28.Re2 Rd1+ 29.Rxd1 Rxd1+
30.Re1 Rd6 31.Re3 Rd1+ 32.Re1 Rd6 33.Re3 Rd1+ 34.Ke2 Ra1 35.a4 Ra2+ 36.Kf1 Ra1+
37.Ke2 Ra2+ 38.Kf1 Ra1+ 39.Re1 Rxe1+ 40.Kxe1 Kd8 41.Kd2 Ke7 42.Kc3 e5 43.b4 Ne8
44.b5 Kd6 45.Kb4 e4 46.a5 cxb5 47.cxb5 Nf6 48.Kc4 Ng4 49.b6 axb6 50.a6 Ne5+
51.Kb5 Nc6 52.Kxb6 Kd5 53.Nd7 Kd6 54.Ne5 Ne7 55.Nf7+ Kd5 56.Nxg5 h6 57.Kc7 Nc6
58.Kb6 hxg5  0-1

[Event "Spring Cup"]
[Site "Cheliabinsk RUS"]
[Date "2008.03.11"]
[Round "5"]
[White "Krassilnikov,E"]
[Black "Matsenko,S"]
[Result "1/2-1/2"]
[WhiteElo "2399"]
[BlackElo "2418"]

1.e4 c5 2.c3 Nf6 3.e5 Nd5 4.d4 cxd4 5.Nf3 Nc6 6.Bc4 Nb6 7.Bb3 d5 8.exd6 Qxd6
9.O-O Be6 10.Na3 dxc3 11.Qe2 Bxb3 12.Nb5 Qb8 13.axb3 e6 14.bxc3 Be7 15.g3 Qc8
16.Bf4 Nd5 17.Nd6+ Bxd6 18.Bxd6 Qd8 19.Ba3 Nxc3 20.Qc4 Qf6 21.Kg2 Qxf3+ 22.Kxf3 Ne5+
23.Ke3 Nd5+ 24.Ke2 Nxc4 25.bxc4 Ne7 26.Bc5 Nc6 27.Rfb1 Nd8 28.Bxa7 Kd7 29.c5 Rf8
30.Rd1+ Kc8 31.Bb6 Rxa1 32.Rxa1 Nc6 33.Ra8+ Nb8 34.c6 bxc6 35.Ra7 Nd7 36.Bc5 Rd8
37.Bd6 Nf6 38.Rc7+ Kb8  1/2-1/2

[Event "XXIII Open"]
[Site "Reykjavik ISL"]
[Date "2008.03.11"]
[Round "9"]
[White "Thorgeirsson,S"]
[Black "Narayanan,Sr"]
[Result "1/2-1/2"]
[WhiteElo "2120"]
[BlackElo "2210"]

1.e4 c5 2.c3 Nf6 3.e5 Nd5 4.d4 cxd4 5.Nf3 e6 6.cxd4 d6 7.Bd3 Nc6 8.O-O Be7
9.Nc3 dxe5 10.dxe5 Nxc3 11.bxc3 g5 12.Qe2 g4 13.Nd4 Bd7 14.Be4 Qa5 15.Nxc6 Bxc6
16.Bxc6+ bxc6 17.Rd1 Qxc3 18.Bh6 Rd8 19.Qa6 f5 20.Rxd8+ Bxd8 21.Rd1 Qxe5
22.Qxc6+ Kf7 23.Be3 Bf6 24.Qb7+ Kg6 25.Qxa7 Rd8 26.Qa4 Qa5 27.Qc2 Qxa2 28.Qb1 Rxd1+
29.Qxd1 Qa1 30.Qxa1 Bxa1 31.h3 h5 32.f3 g3 33.Kf1 e5 34.Ke2 Kf6 35.Bd2 e4
36.Be3 Ke5 37.Bg5 Bd4 38.Bd2 Kd5 39.Bf4 Be5 40.Bd2 Bd6 41.Bc3 Kc4 42.Bd2 Kd4
43.Be3+ Ke5 44.Bd2 Bc5 45.Bc3+ Bd4 46.Bd2 f4 47.Bb4 Kf5 48.Be7 Be5 49.Bb4 Bd4
50.Be7 Bb6 51.Bb4 Bd8 52.Bc3 Be7 53.Bd4 Bd6 54.Bc3 Bc5 55.Bg7 exf3+ 56.Kxf3 Bd6
57.Bc3 Ke6 58.Bd2 Kf5 59.Bc1 Be5 60.Bd2 Bb8 61.Bc1 Ke6 62.Bxf4 Bxf4 63.Kxf4 h4
64.Ke4 Kd6 65.Kd4 Ke6 66.Ke4 Kd6 67.Kd4 Ke6 68.Ke4 Kd6  1/2-1/2

[Event "FSIM March"]
[Site "Budapest HUN"]
[Date "2008.03.14"]
[Round "13"]
[White "Szegi,T"]
[Black "Szeberenyi,A"]
[Result "1/2-1/2"]
[WhiteElo "2293"]
[BlackElo "2350"]

1.e4 c5 2.c3 Nf6 3.e5 Nd5 4.d4 cxd4 5.Nf3 Nc6 6.Bc4 Nb6 7.Bb3 d6 8.exd6 Qxd6
9.cxd4 e6 10.O-O Be7 11.Nc3 O-O 12.Re1 Nb4 13.a3 N4d5 14.Nxd5 Nxd5 15.Be3 b6  1/2-1/2

[Event "Victor Ciocaltea mem"]
[Site "Bucharest ROM"]
[Date "2008.03.15"]
[Round "2"]
[White "Pap,M"]
[Black "Murariu,A"]
[Result "1-0"]
[WhiteElo "2465"]
[BlackElo "2483"]

1.e4 c5 2.c3 Nf6 3.e5 Nd5 4.Nf3 Nc6 5.Bc4 Nb6 6.Bb3 d5 7.exd6 Qxd6 8.Na3 Be6
9.d4 Bxb3 10.Qxb3 cxd4 11.Nb5 Qd7 12.Nbxd4 e6 13.O-O Bc5 14.Be3 Bxd4 15.Nxd4 Nd5
16.Nxc6 Qxc6 17.Bd2 Rc8 18.Qa3 Qc5 19.Qa4+ b5 20.Qg4 g6 21.Bh6 Qc4 22.Qg3 f6
23.a4 b4 24.cxb4 Qxb4 25.Ra3 Kf7 26.Rb3 Qc4 27.Rb7+ Rc7 28.Rc1 Qxc1+ 29.Bxc1 Rxb7
30.Qd3 Rc8 31.Qd1 Rc4 32.g3 Rbc7 33.Bh6 Rd7 34.a5 Rb7 35.Qe2 Rcb4 36.a6 Rc7
37.h4 Rb6 38.g4 Rb4 39.Kh2 Rc6 40.Kg3 Rb3+ 41.f3 Rbb6 42.g5 Rxa6 43.Qb5 Rab6
44.Qa4 Rc7 45.gxf6 Rxb2 46.Qa3 Rb4 47.Qa6 Rb6 48.Qa3 Rb8 49.Qd6 Ra8 50.Bf4 a5
51.Be5 a4 52.Qa3 Rb7 53.Qc1 a3 54.Qh6 Ke8 55.h5 gxh5 56.Qg5 Kd7 57.Qg7+ Kc6
58.f7 a2 59.f8=Q Rxg7+ 60.Qxg7 Ra6 61.Ba1 Ra4 62.Qg8 h4+ 63.Kh3 Kd7 64.Qxh7+ Kd6
65.Qg7 Kc6 66.Qg8 Kd7 67.Qb8 Ra3 68.Kxh4 Rxf3 69.Be5 Ke7 70.Qa7+ Ke8 71.Qxa2 Rf5
72.Qa8+ Kf7 73.Qb7+ Kf8 74.Bd6+ Ke8 75.Qc8+ Kf7 76.Qf8+ Kg6 77.Qg8+ Kf6 78.Qh8+ Kg6
79.Be5 Nf6 80.Bxf6 Rf4+ 81.Kg3 Rxf6 82.Qe8+ Kf5 83.Kf3 Ke5+ 84.Ke3 Rh6 85.Qb8+ Kd5
86.Qd8+ Kc6 87.Ke4 Rh1 88.Ke5 Re1+ 89.Kf6 Rf1+ 90.Ke7 Rb1 91.Qd6+ Kb7 92.Qd7+ Kb8
93.Qxe6 Rb7+ 94.Kd8 Ka7 95.Qd5 Kb6 96.Qd6+ Ka5 97.Qa3+ Kb6 98.Qb4+ Ka6 99.Qc4+ Rb5
100.Kc7 Ka5 101.Qc3+ Ka4 102.Qa1+ Kb4 103.Kd6 Rb6+ 104.Kd5 Rb5+ 105.Kd4 Kb3
106.Qd1+ Kb4 107.Qa1 Kb3 108.Qa6 Kb4 109.Qa2 Rb6 110.Qb2+ Ka5 111.Qa3+ Kb5
112.Kd5 Rb7 113.Qb3+ Ka6 114.Qa4+ Kb6 115.Kd6 Rb8 116.Qb4+ Ka7 117.Qa5+ Kb7
118.Kd7 Ra8 119.Qb5+ Ka7 120.Kc7  1-0

[Event "Spring Cup"]
[Site "Cheliabinsk RUS"]
[Date "2008.03.15"]
[Round "9"]
[White "Krassilnikov,E"]
[Black "Fazulyanov,S"]
[Result "1/2-1/2"]
[WhiteElo "2399"]
[BlackElo "2354"]

1.e4 c5 2.c3 Nf6 3.e5 Nd5 4.d4 cxd4 5.Nf3 Nc6 6.cxd4 d6 7.Bc4 Nb6 8.Bb5 Bd7
9.exd6 e6 10.O-O Bxd6 11.Nc3 O-O 12.a3 Ne7 13.Bd3 Ng6 14.Ng5 Be7 15.h4 Bxg5
16.hxg5 Bc6 17.Qg4 Rc8 18.Be3 Nd5 19.Bd2 Qb6 20.Nxd5 Bxd5 21.Bb4 Rfd8 22.Rfc1 a5
23.Bc3 Ra8 24.Re1 Qd6 25.Re3 Nf4 26.Bf1 Bc6 27.Qh4 b5 28.Qg3 Nd5 29.Qxd6 Rxd6
30.Ree1 Rad8  1/2-1/2

[Event "TCh-AUT 1st Bundesliga 2007-8"]
[Site "Graz AUT"]
[Date "2008.03.15"]
[Round "10"]
[White "Schmittdiel,E"]
[Black "Manik,M"]
[Result "1/2-1/2"]
[WhiteElo "2417"]
[BlackElo "2433"]

1.e4 c5 2.c3 Nf6 3.e5 Nd5 4.d4 cxd4 5.Qxd4 e6 6.Nf3 Nc6 7.Qe4 d6 8.g3 dxe5
9.Nxe5 Nxe5 10.Qxe5 Bd7 11.Bg2 Bc6 12.O-O Ne7 13.Nd2 Bxg2 14.Kxg2 Nc6 15.Qe4  1/2-1/2

[Event "TCh-AUT 1st Bundesliga 2007-8"]
[Site "Graz AUT"]
[Date "2008.03.16"]
[Round "11"]
[White "Freitag,M"]
[Black "Kreisl,R"]
[Result "1/2-1/2"]
[WhiteElo "1729"]
[BlackElo "2322"]

1.e4 c5 2.c3 Nf6 3.e5 Nd5 4.d4 cxd4 5.Nf3 Nc6 6.Bc4 Nb6 7.Bb3 d5 8.exd6 Qxd6
9.O-O Be6 10.Bxe6 Qxe6 11.Nxd4 Qd7 12.Be3 e6 13.Nd2 Be7  1/2-1/2

[Event "V U20 Int"]
[Site "Los Llanos de Aridane ESP"]
[Date "2008.03.16"]
[Round "2"]
[White "Khamrakulov,D"]
[Black "Danelia,M"]
[Result "1-0"]
[WhiteElo "2497"]
[BlackElo "2139"]

1.e4 c5 2.c3 Nf6 3.e5 Nd5 4.Nf3 e6 5.d4 cxd4 6.cxd4 Nc6 7.Nc3 d6 8.exd6 Bxd6
9.Bc4 Nxc3 10.bxc3 O-O 11.O-O b6 12.Re1 Qc7 13.Bd3 g6 14.Bg5 Bb7 15.Qd2 Ne7
16.Bh6 Bxf3 17.gxf3 Bxh2+ 18.Kg2 Nd5 19.Re4 Bd6 20.c4 Bb4 21.Qc2 f5 22.Re5 Bd6
23.cxd5 Bxe5 24.dxe5 Qxe5 25.dxe6 Rfc8 26.Bc4 b5 27.Re1 Qd4 28.Rd1 Rxc4 29.Qe2 Qf6
30.Rd7 Rc6 31.Qxb5 Rb6 32.Rxa7 Rd8 33.Qxb6  1-0